Mississippi State Head Football Coaches by Picture - Statistics

General Stats
  • This quiz has been taken 8 times
  • The average score is 5 of 33
Answer Stats
Picture Hint Answer % Correct
2009-2017 Dan Mullen
100%
2020-2022 Mike Leach
100%
2024-Present Jeff Lebby
57%
2018-2019 Joe Moorhead
57%
2022-2023 Zach Arnett
57%
2017 | 2023 Greg Knox
43%
1991-2003 Jackie Sherrill
43%
1962-1966 Paul E. Davis
29%
2004-2008 Sylvester Croom
29%
1954-1955 Darrell Royal
14%
1939-1942 | 1944-1948 Allyn McKeen
0%
1949-1951 Arthur Morton
0%
1925-1926 Bernie Bierman
0%
1973-1978 Bob Tyler
0%
1967-1972 Charles Shira
0%
1903-1906 Daniel S. Martin
0%
1922 Dudy Noble
0%
1923-1924 Earl Abell
0%
1914-1916 Earl C. Hayes
0%
1979-1985 Emory Bellard
0%
1920-1921 Ferdinand Holtkamp
0%
1907-1908 Fred Furman
0%
1927-1929 John W. Hancock
0%
1901 L. B. Harvey
0%
1952-1953 Murray Warmath
0%
1935-1937 Ralph Sasse
0%
1931-1932 Ray G. Dauber
0%
1986-1990 Rockey Felker
0%
1933-1934 Ross MacKechnie
0%
1938 Spike Nelson
0%
1917-1919 Stanley L. Robinson
0%
1956-1961 Wade Walker
0%
1909-1913 W. D. Chadwick
0%
No matching quizzes found
Score Distribution
Percent of People with Each Score
Percentile by Number Answered
Your Score History
You have not taken this quiz